| Поле | Инд. | ПП | Название | Значение |
|---|---|---|---|---|
| Тип записи | a | |||
| Библиографический уровень | b | |||
| 001 | Контрольный номер | 0c4abb4db262402cb5a809902d44ae42 | ||
| 005 | Дата корректировки | 20251121165800.0 | ||
| 008 | Кодируемые данные | 20140826 | ||
| 040 | b | Код языка каталог. | rus | |
| e | Правила каталог. | PSBO | ||
| 041 | 0_ | a | Код языка текста | rus |
| 084 | a | Индекс другой классификации/Индекс ББК | 74.48 | |
| 100 | 1_ | a | Автор | Остапенко А. В. |
| q | Полное имя | Остапенко Алёна Викторовна | ||
| 100 | 1_ | a | Автор | Плехова Ю. О. |
| q | Полное имя | Плехова Юлия Олеговна | ||
| 245 | 10 | a | Заглавие | Совершенствование организации самостоятельной работы студентов как путь повышения качества юридического образования |
| 500 | a | Примечание | Электронная версия статьи: https://doi.org/10.30853/pedagogy.2018.4.2 | |
| 504 | a | Библиография | Лит. в конце статьи | |
| 650 | 14 | a | Основная рубрика | образование; профессиональное образование; высшее образование |
| 653 | 1_ | a | Ключевые слова | высшее учебное заведение (вуз) |
| a | Ключевые слова | качество образования | ||
| a | Ключевые слова | личностно-профессиональные качества | ||
| a | Ключевые слова | организация работы | ||
| a | Ключевые слова | педагогическая поддержка | ||
| a | Ключевые слова | Россия | ||
| a | Ключевые слова | самообразование | ||
| a | Ключевые слова | саморазвитие | ||
| a | Ключевые слова | самостоятельная подготовка | ||
| a | Ключевые слова | самостоятельная работа | ||
| a | Ключевые слова | студенты | ||
| a | Ключевые слова | университет | ||
| a | Ключевые слова | учебные трудности | ||
| a | Ключевые слова | юридическая деятельность | ||
| a | Ключевые слова | юридическое образование | ||
| 773 | 08 | t | Заглавие источника | Педагогика. Вопросы теории и практики |
| d | Дата издания источника | 2018 | ||
| g | Прочая информация | № 4. - С. 12 - 15 | ||
| w | Контрольный № источника | DU/602701126 | ||
| 901 | t | Тип документа | b |